| 000 | 00401nam a2200169Ia 4500 | ||
|---|---|---|---|
| 005 | 20250423095828.0 | ||
| 008 | 250422s9999 xx 000 0 und d | ||
| 020 | _a9780071762519 | ||
| 050 | _aHB 135 .D69/ | ||
| 100 | _aDowling, Edward T. | ||
| 245 | 0 | _aIntroduction to mathematical economics | |
| 260 | _aNew York | ||
| 260 | _bMcGraw Hill | ||
| 260 | _c2012 | ||
| 300 | _a523 p | ||
| 942 | _cBK | ||
| 999 |
_c31457 _d31457 |
||